Statistics for 1930s Celebrities by Picture

Click here to take the quiz!

General Stats

  • This quiz has been taken 55 times
    (54 since last reset)
  • The average score is 11 of 20

Answer Stats

Answer % Correct
Albert Einstein
100%
Babe Ruth
89%
Franklin D. Roosevelt
89%
Clark Gable
80%
Amelia Earhart
76%
Shirley Temple
76%
Jesse Owens
72%
Orson Welles
67%
Frida Kahlo
63%
Three Stooges
61%
Ernest Hemingway
59%
Herbert Hoover
57%
Marlene Dietrich
52%
Duke Ellington
43%
Glenn Miller
35%
John Dillinger
35%
Joe Louis
28%
Joan Crawford
24%
John Maynard Keynes
4%
Zora Neale Hurston
2%

Score Distribution

Percentile by Number Answered

Percent of People with Each Score

Your Score History

You have not taken this quiz since the last reset